| 000 | 00445nam a2200145 a 4500 | ||
|---|---|---|---|
| 001 | 000029176 | ||
| 005 | 20200930055358.0 | ||
| 008 | 110414s1976 dr ac 000 0 spa d | ||
| 040 |
_aDO-SdBNP _bspa _cBNPHU |
||
| 082 |
_axxx _bU58a |
||
| 245 | 0 | 1 |
_aUno de los aspectos centrales de la obra del gobierno : _breforma agrarÃa. |
| 260 |
_aSanto Domingo : _bEditorial Padilla, _c[1976?]. |
||
| 300 |
_a[16] p. : _bil., retrs. ; _c19 cm. |
||
| 049 | _aBNPD | ||
| 999 |
_c28668 _d28668 |
||